000 00828nam a2200253Ia 4500
003 OSt
005 20220923222954.0
006 a|||||r|||| 00| 0
007 ta
008 220922b |||||||| |||| 00| 0 hin d
024 _a209,348
037 _cTextual
040 _aARTS
_cARTS
_bhin
041 _2hin
_ahin
082 _aO152,3:gN7, M8
100 _aरघुवरदयाल
245 0 _aसमकालीन हिन्दी कहानी परिदृश्य
246 _aSamakālīn hindī kahānī paridṛushya
260 _aजयपुर
_b पंचशील प्रका0
_c1988
300 _a96पृ.
_ccm.
650 _aहिन्दी साहित्य
_9156264
942 _hO152,3:gN7, M8
_cTEXL
_2CC
999 _c359921
_d359921